Statistiques concernant Les 50... Personnalités Belges

Cliquez ici pour prendre le quiz!

Statistiques générales

  • Ce quiz a été pris 110 fois
  • Le résultat moyen est 20 sur 50

Statistiques - réponses

Réponse% Correct
Stromae
97%
Angèle
96%
JCVD
85%
Jacques Brel
84%
Virginie Effira
81%
François Damiens
74%
Lara Fabian
72%
Benoît Poelvoorde
67%
Damso
67%
Kevin De Bruyne
67%
Olivier Minne
65%
Annie Cordy
61%
Axelle Red
58%
Philippe Geluck
56%
Roméo Elvis
56%
Pierre de Maere
52%
Amelie Nothomb
49%
Maurane
49%
Justine Henin
48%
Salvatore Adamo
45%
Romelu Lukaku
42%
Shay
42%
Cécile De France
37%
Virginie Hocq
35%
Sœur Emmanuelle
34%
Tatianna Silva
34%
Kim Clijsters
30%
Eddy Merckx
29%
Jimmy Labeeu
27%
Alex Vizorek
26%
Arno
26%
Plastic Bertrand
26%
Christine Ockrent
25%
René Magritte
25%
Nafissatou Thiam
24%
Stephane de Groodt
24%
Nawell Madani
23%
Wout Van Aert
23%
Georges Simenon
20%
Hergé
18%
Yolande Moreau
18%
François de Brigode
14%
Jacky Ickx
14%
Selah Sue
13%
James Deano
10%
Celine Dept
5%
Haroun Tazieff
4%
Émilie Dequenne
3%
Eva Karera
1%
Rose Bertram
0%

Distribution des résultats

Percentile par nombre de réponses

% des personnes avec chaque résultat

Votre développement - résultats

Vous n’avez pas pris ce quiz